000 01329cam a2200373 a 4500
003 OSt
005 20140310184450.0
008 010302s2002 nyua j 000 1 eng
010 _a 2001022985
020 _a0689839472
040 _aDLC
_cDLC
_dDLC
042 _alcac
050 0 0 _aPZ 7
_b.H83727 2003
100 1 _aHowe, James,
_d1946-
_927963
245 1 0 _aIt came from beneath the bed! :
_btales from the house of bunnicula /
_cJames Howe.
250 _a1st ed.
260 _aNew York :
_bScholastic Inc.,
_c2003.
300 _a90 p. :
_bill. ;
_c20 cm.
521 _aG4
526 _c670
650 1 _aAuthorship
_vFiction.
_927964
650 1 _aScience
_xExperiments
_vFiction.
_927965
650 1 _aDachshunds
_vFiction.
_927966
650 1 _aDogs
_vFiction.
_927967
650 1 _aToys
_vFiction.
_927968
650 1 _aHumorous stories.
_93831
856 4 2 _3Contributor biographical information
_uhttp://www.loc.gov/catdir/bios/simon052/2001022985.html
856 4 2 _3Publisher description
_uhttp://www.loc.gov/catdir/description/simon033/2001022985.html
906 _a7
_bcbc
_corignew
_d1
_eocip
_f20
_gy-gencatlg
942 _2lcc
_cBK-SCHOLAS
999 _c34572
_d34572